000 00542nam a22001577a 4500
003 OSt
005 20240404105246.0
008 240404b |||||||| |||| 00| 0 eng d
040 _cCentral Library MRSPTU
100 _aDeepyan Boss (ਦੀਪਾਯਨ ਬੋਸ)
245 _aAmitt Haan Majdoor Sagrama dyan Chinga (ਅਮਿੱਟ ਹਨ ਮਜ਼ਦੂਰ ਸੰਗਰਾਮਾਂ ਦੀਆਂ ਚਿਣਗਾਂ)
250 _a1st
260 _aLudhiana
_bSaheed Bhagat Singh Yadgari Parkashan
_c2005
300 _a48
942 _2ddc
_cBK
_n0
999 _c9990
_d9990